00497nmm a2200169Ia 4500008004100000020001800041041000800059100002600067245002100093264005600114300001800170490003200188650003200220856005100252942000700303999001700310251105s9999||||xx |||||||||||||||||und|| a9789560001535 aspa aHardy, Clarisa (ed.) 0aIdeas para Chile a[Santiago de Chile, Chile] :bLOM Ediciones, c2010 a346 páginas aCiencias Sociales y Humanas aPolitical Science (General) uhttps://public.digitaliapublishing.com/a/13161 cCF c93424d93424